000 00626nam a2200193Ia 4500
003 GCL
008 140319s9999 xx 000 0 ara d
040 _aGCL /
_cGCL
082 0 4 _a953.09565
_bل ج
100 1 _aليلى الصباغ
245 1 0 _aالجاليات الاوربية فى بلاد الشام /
_cليلى الصباغ
260 _a[S.N] :
_bمؤسسة الرسالة ،
_c1989
490 _a
650 0 4 _aتاريخ
650 0 4 _aسوريا
650 0 4 _aالامبراطورية العثمانية
650 0 4 _aالعالم العربى - تاريخ - العصر العثمانى
942 _2ddc
_cBK
999 _c53449
_d53449